01471 a2200205 45000010006000000050017000060080041000230030015000640400040000790800078001192450045001970200022002422500012002642640034002763000027003105050767003370410008011041000020011128560133011322491420260407155531.0260407a2013 arg spa dAR-UNSa-BCEJYS aAR-UNSa-BCEJYSbspacAR-UNSa-BCEJYS a336.226.1xImpuestos a las ganancias o los beneficios (Impuesto Diferido)10aImpuesto a la ganancia mínima presunta a978-987-01-1563-2 a2a. ed. 1aBuenos Aires :bErreparc2013 axxviii, 330 p.c21 cm. a1. Antecedentes. Caracterìsticas y efectos económicos - 2. Naturaleza del impuesto a la ganancia mínima presunta - 3. Constitucionalidad del gravamen. Normas de aplicación supletoria - 4. Hecho imponible - 5. Sujetos - 6. Exenciones - 7. Base imponible del gravamen - 8. Localización de los bienes y su valuación - 9. Rubros no considerados como activo - 10. Bases imponibles especiales para ciertas entidades - 11. Bienes no computables - 12. Liquidación del gravamen - 13. Actualización de importes - 14. Cómputo del impuesto a las ganancias como pago a cuenta del gravamen - 15. Pago a cuenta por tributos similares abonados en el exterior - 16. Regímenes de promoción - 17. Determinación e ingreso del impuesto - 18. Casos prácticos aspa1 aGebhardt, Jorge41uhttps://biblioeco.unsa.edu.ar/pmb/images/libros/Impuesto a la Ganancia M?nima Presunta (2013).jpgyImagen de portadaqimage/jpeg